000 00387nam a2200145Ia 4500
008 241014s9999||||xx |||||||||||||| ||und||
020 _a978-0854041572
060 _aQV 15 D 2009
100 _aJohn H. Duffus, Douglas M. Templeton, Monica Nordberg
245 0 _aConcepts in Toxicology.
260 _bRSC Publishing
_c2009
300 _a179
650 _aPharmacology
942 _bDIMC
_cBK
999 _c8439
_d8439